<?xml version="1.0" encoding="UTF-8"?><?xml-stylesheet type="text/xsl" href="static/style.xsl"?><OAI-PMH xmlns="http://www.openarchives.org/OAI/2.0/" xmlns:xsi="http://www.w3.org/2001/XMLSchema-instance" xsi:schemaLocation="http://www.openarchives.org/OAI/2.0/ http://www.openarchives.org/OAI/2.0/OAI-PMH.xsd"><responseDate>2026-04-19T10:01:53Z</responseDate><request verb="GetRecord" identifier="oai:www.recercat.cat:10459.1/465561" metadataPrefix="marc">https://recercat.cat/oai/request</request><GetRecord><record><header><identifier>oai:recercat.cat:10459.1/465561</identifier><datestamp>2025-09-15T18:59:59Z</datestamp><setSpec>com_2072_3622</setSpec><setSpec>col_2072_479130</setSpec></header><metadata><record xmlns="http://www.loc.gov/MARC21/slim" xmlns:dcterms="http://purl.org/dc/terms/" xmlns:xsi="http://www.w3.org/2001/XMLSchema-instance" xmlns:doc="http://www.lyncode.com/xoai" xsi:schemaLocation="http://www.loc.gov/MARC21/slim http://www.loc.gov/standards/marcxml/schema/MARC21slim.xsd">
   <leader>00925njm 22002777a 4500</leader>
   <datafield ind2=" " ind1=" " tag="042">
      <subfield code="a">dc</subfield>
   </datafield>
   <datafield ind2=" " ind1=" " tag="720">
      <subfield code="a">Romero Morales, Yasmina</subfield>
      <subfield code="e">author</subfield>
   </datafield>
   <datafield ind2=" " ind1=" " tag="260">
      <subfield code="c">2018-12-01</subfield>
   </datafield>
   <datafield ind2=" " ind1=" " tag="520">
      <subfield code="a">Este artículo se propone analizar el comportamiento de uno de los arquetipos clave de la narrativa colonial española: la femme fatale marroquí, una odalisca envuelta en velos que se halla puertas hacia dentro de los harenes imaginados por las autoras. El propio Edward W. Said aseguró que no existía ninguna posibilidad de representar a Oriente sin prejuicios, porque Oriente ni siquiera existía y todo conocimiento sobre él era una quimera políticamente interesada, un tropo (2003). Sin embargo, también insistió en que lo único que le quedaba al intelectual era la denuncia y el intento de representar al objeto con mayor fidelidad (1996). Justo es lo que estas páginas se proponen, colaborar en la representación más fiel del objeto, mediante el análisis de la construcción de la femme fatale marroquí. La metodología empleada está fundamentada sobre los principios rectores del análisis desde la perspectiva de género, los estudios culturales y las teorías postcoloniales.</subfield>
   </datafield>
   <datafield ind2=" " ind1=" " tag="520">
      <subfield code="a">This paper focuses on the behavior’s analysis of one of the capital archetypes of the Spanish colonial narrative: the femme fatale. An odalisque wrapped in veils which, indoors the harems, have been imagined by her writers. Edward W. Said assured that there was no possibility of representing East without prejudices, because East did not even exist and all knowledge about it was a politically interested chimera, a trope (2003). However, he also insisted that the only thing remained to the intellectual was the denounce and the attempt to represent the object with bigger fidelity (1996). It is just what these pages propose, to collaborate in the most faithful representation of the object, by analyzing the construction of the Moroccan femme fatale. The applied methodology is based on the guiding principles of the analysis from the perspective of Gender, Cultural Studies and Postcolonial Theories.</subfield>
   </datafield>
   <datafield ind2=" " ind1=" " tag="520">
      <subfield code="a">Este trabajo forma parte del Proyecto I+D «Justicia, Ciudadanía y Vulnerabilidad. Narrativas de la precariedad y enfoques interseccionales» (FFI2015-63895-C2-1-R) financiado por el Ministerio de Economía y Competitividad del Gobierno de España.</subfield>
   </datafield>
   <datafield tag="653" ind2=" " ind1=" ">
      <subfield code="a">Femme fatale</subfield>
   </datafield>
   <datafield tag="653" ind2=" " ind1=" ">
      <subfield code="a">Mujeres escritoras</subfield>
   </datafield>
   <datafield tag="653" ind2=" " ind1=" ">
      <subfield code="a">Arquetipos femeninos</subfield>
   </datafield>
   <datafield tag="653" ind2=" " ind1=" ">
      <subfield code="a">Literatura española</subfield>
   </datafield>
   <datafield tag="653" ind2=" " ind1=" ">
      <subfield code="a">Narrativa colonial</subfield>
   </datafield>
   <datafield tag="653" ind2=" " ind1=" ">
      <subfield code="a">Alteridad</subfield>
   </datafield>
   <datafield ind2="0" ind1="0" tag="245">
      <subfield code="a">Poderes de perversión: la femme fatale colonial de la narrativa española del siglo XX</subfield>
   </datafield>
   <datafield ind2="0" ind1="0" tag="245">
      <subfield code="a">Powers of Perversion: the Colonial Femme Fatale on the 20th Century Spanish Narrative</subfield>
   </datafield>
</record></metadata></record></GetRecord></OAI-PMH>